000 00890nam a22002897a 4500
003 CHAP
005 20220329140833.0
008 971013s r 00010 d
010 _a58399
011 _a59371
035 _a63529
040 _cCHAP
090 _aR-2011
100 0 0 _aStuyt, L. C. P. M.
_9110116
245 _aDevelopments in research on drainage filter materials in the Netherlands
500 _aSobretiro de: Soil and Water 9(2), 1981
590 _aBATCH-UPD
_b10
_c20130110
_lUCH01
_h1423
590 _aBATCH-UPD
_b10
_c20130410
_lUCH01
_h0904
590 _aBATCH-UPD
_b10
_c20130914
_lUCH01
_h1221
590 _aCONVERSION
_b10
_c20130109
_lUCH01
_h1331
650 1 4 _aDrenaje.
_934190
650 1 4 _aFiltración.
_940920
650 1 4 _aIrrigación
_xImplementos y maquinaria.
_960421
901 _aBK
942 _cREIMP
949 _aR-2011
_bBC
_cR
_d-136545
_eTS1
_i63529
_si
999 _c58399
_d58399